=LDR 00000nam 2200000 4500 =001 INLIS000000000024515 =005 20200819123704 =035 ##$$a 0010-061300000024515 =008 200819################g##########0#ind## =041 ##$$a Ind =082 ##$$a 2X9.86 =090 ##$$a 2X9.86, Abd t =100 1#$$a Abdurrahman, Syaikh umar =245 1#$$a tipe-tipe penguasa dan status hukumnya menerut islam, /$c Syaik Umar Abdurrahman; M.Bukhari Burhanuddin =260 ##$$a Solo :$b Pustaka Mantiq,$c 1995 =300 ##$$a 178 hlm, ; $c 11 x 18 cm =650 #4$$a Islam =850 ##$$a NBPNMAT =084 ##$$a 2X9.86 ABD t =250 ##$$a cet.1 =990 ##$$a 00044496 =990 ##$$a 00044497